[Event "Baden-ch Seniors"]
[Site "Badenweiler"]
[Date "2009.06.02"]
[Round "2"]
[White "Bruske, Manfred"]
[Black "Baum, Hans Juergen"]
[Result "1/2-1/2"]
[WhiteElo "1876"]
[BlackElo "2045"]
[PlyCount "44"]
[EventDate "2009.06.01"]
[EventType "swiss"]
[EventRounds "9"]
[EventCountry "GER"]
[SourceTitle "EXT 2010"]
[Source "ChessBase"]
[SourceDate "2010.11.25"]
[SourceVersion "1"]
[SourceVersionDate "2010.11.25"]
[SourceQuality "1"]

1. d4 Nf6 2. c4 e6 3. Nc3 Bb4 4. Qc2 c5 5. e3 Nc6 6. Nf3 0-0 7. Bd2 d5 8. a3 Bxc3 9. Bxc3 b6 10. dxc5 bxc5 11. Rd1 Ne4 12. Bd3 f5 13. 0-0 Qe7 14. Ne5 Nxe5 15. Bxe5 Bb7 16. f3 Nf6 17. Rfe1 Rac8 18. Qf2 Ne4 19. Qc2 Nf6 20. Qe2 g6 21. Qf2 Ne4 22. Qc2 Ng5 1/2-1/2